000 00629nam a2200205 a 4500
001 000009061
005 20200929161458.0
008 090925s1999 sp c 000 0 spa d
020 _a8487507476
040 _aDO-SdBNP
_bspa
_cBNPHU
082 _a925.57092
_bD228C
100 1 _aCañagueral Rey, Alberto
_923702
245 1 3 _aCharles Darwin /
_cAlberto Cañagueral Rey.
260 _aEspaña :
_bEdiciones Rueda, J. M.,
_c1999.
300 _a199 p. :
_bil., ;
_c25 cm.
490 1 _aGrandes biografías
504 _aBibliografía : p. 198
600 1 4 _aDARWIN, CHARLES,
_d1809-1882
_923703
830 0 _aGrandes biografías
_911230
999 _c8825
_d8825